Alexandar graham bell (Record no. 237877)

MARC details
000 -LEADER
fixed length control field 00440nam a2200193Ia 4500
003 - CONTROL NUMBER IDENTIFIER
control field OSt
005 - DATE AND TIME OF LATEST TRANSACTION
control field 20260129150746.0
008 - FIXED-LENGTH DATA ELEMENTS--GENERAL INFORMATION
fixed length control field 250729s1995 xx 000 0 und d
040 ## - CATALOGING SOURCE
Transcribing agency AL
041 ## - LANGUAGE CODE
Language code of text/sound track or separate title eng
082 ## - DEWEY DECIMAL CLASSIFICATION NUMBER
Classification number 500 SUNA
100 ## - MAIN ENTRY--PERSONAL NAME
Personal name Sundar R S
9 (RLIN) 228088
245 ## - TITLE STATEMENT
Title Alexandar graham bell
260 ## - PUBLICATION, DISTRIBUTION, ETC.
Place of publication, distribution, etc. Bangalore
Date of publication, distribution, etc. 1995
300 ## - PHYSICAL DESCRIPTION
Extent 48p
650 ## - SUBJECT ADDED ENTRY--TOPICAL TERM
Topical term or geographic name entry element Science
9 (RLIN) 228089
700 ## - ADDED ENTRY--PERSONAL NAME
Personal name Suo Digumurthi
9 (RLIN) 228090
942 ## - ADDED ENTRY ELEMENTS (KOHA)
Source of classification or shelving scheme Dewey Decimal Classification
Koha item type School of Education
Holdings
Withdrawn status Lost status Damaged status Not for loan Home library Current library Date acquired Source of acquisition Cost, normal purchase price Total Checkouts Full call number Barcode Date last seen Cost, replacement price Price effective from Koha item type
        St Aloysius Library St Aloysius Library 07/29/2025 West Cost Papers & Stationers 25.00   500 SUNA BED03196 07/29/2025 25.00 07/29/2025 Book